[Event "Mauricie op"]
[Site "Trois-Rivieres CAN"]
[Date "2019.03.15"]
[Round "1"]
[White "Beaudry, Marc-Andre"]
[Black "Larkin, Kevin"]
[Result "1-0"]
[WhiteElo "1984"]
[BlackElo "1868"]
[PlyCount "119"]
[EventDate "2019.03.15"]
[EventType "swiss"]
[EventRounds "5"]
[EventCountry "CAN"]

1. e4 c5 2. Nf3 d6 3. d4 cxd4 4. Nxd4 Nf6 5. Nc3 a6 6. f3 e5 7. Nb3 Be6 8. Be3
d5 9. exd5 Nxd5 10. Nxd5 Qxd5 11. Qxd5 Bxd5 12. O-O-O Bc6 13. Na5 Be7 14. Nxc6
Nxc6 15. Be2 Rd8 16. Bb6 Rxd1+ 17. Rxd1 Bd8 18. Bc5 Be7 19. Be3 h6 20. Kb1 h5
21. c3 g5 22. Bd3 h4 23. Bf5 Rh6 24. Bd7+ Kf8 25. Bc8 Na5 26. Rd5 Nc4 27. Bc5
Bxc5 28. Rxc5 Nd6 29. Rc7 f5 30. Bxb7 Nxb7 31. Rxb7 e4 32. fxe4 fxe4 33. Rd7
Rf6 34. Rd2 e3 35. Re2 Rf2 36. Rxe3 Rxg2 37. Re5 Kf7 38. c4 Kf6 39. Re8 Rd2 40.
Kc1 Rd6 41. Kc2 g4 42. c5 Rd5 43. b4 a5 44. a3 axb4 45. axb4 g3 46. hxg3 hxg3
47. Kc3 Re5 48. Rf8+ Ke7 49. Rg8 Re3+ 50. Kc4 Kf7 51. Rg4 Kf6 52. Kb5 Kf5 53.
Rg8 Kf4 54. Kb6 Ke5 55. b5 Kd5 56. Rg5+ Ke6 57. c6 Rc3 58. Kb7 Kd6 59. Rg6+ Ke7
60. b6 1-0

[Event "Mauricie op"]
[Site "Trois-Rivieres CAN"]
[Date "2019.03.15"]
[Round "1.3"]
[White "Chabot, Roland"]
[Black "Dukic, Zachary"]
[Result "0-1"]
[WhiteElo "2159"]
[BlackElo "2389"]
[PlyCount "90"]
[EventDate "2019.03.15"]
[EventType "swiss"]
[EventRounds "5"]
[EventCountry "CAN"]

1. d4 Nf6 2. c4 g6 3. Nc3 Bg7 4. e4 d6 5. f4 c5 6. d5 O-O 7. Nf3 e6 8. dxe6
Bxe6 9. Bd3 Nc6 10. O-O Nd4 11. Nxd4 cxd4 12. Nb5 a6 13. Na3 Re8 14. f5 Bd7 15.
Bg5 h6 16. Bxf6 Bxf6 17. fxg6 fxg6 18. e5 dxe5 19. Bxg6 Rf8 20. Qh5 Bg5 21.
Bf7+ Kh8 22. h4 Be3+ 23. Kh1 Qe7 24. Rae1 Bg4 25. Qxg4 Rxf7 26. Nc2 Rg8 27. Qh5
Rxf1+ 28. Rxf1 Bf4 29. Rf3 Qh7 30. Ne1 Qb1 31. Rf1 Qg6 32. Qxg6 Rxg6 33. Nd3
Bg3 34. Rf8+ Kg7 35. Rb8 Rb6 36. Re8 Kf7 37. Rd8 e4 38. Rxd4 exd3 39. Rxd3 Bxh4
40. g3 Be7 41. b3 Rd6 42. Rf3+ Kg6 43. Re3 Bg5 44. Re2 Rd1+ 45. Kg2 Rd2 0-1

[Event "Mauricie op"]
[Site "Trois-Rivieres CAN"]
[Date "2019.03.15"]
[Round "1.4"]
[White "Rodrigue-Lemieux, Shawn"]
[Black "Durette, Francis"]
[Result "1-0"]
[WhiteElo "2374"]
[BlackElo "2154"]
[PlyCount "67"]
[EventDate "2019.03.15"]
[EventType "swiss"]
[EventRounds "5"]
[EventCountry "CAN"]

1. e4 d6 2. d4 g6 3. Nc3 Bg7 4. g3 Nf6 5. Bg2 Nc6 6. d5 Nb4 7. Nf3 e5 8. O-O
O-O 9. Nd2 Ng4 10. a3 Na6 11. Nc4 f5 12. exf5 gxf5 13. h3 Nf6 14. f4 e4 15. Ne2
Qe7 16. Ne3 Qf7 17. Rb1 Rd8 18. b4 Bd7 19. Bb2 c5 20. dxc6 bxc6 21. Qxd6 Be8
22. Qe5 Nd5 23. Nxf5 Bxe5 24. Nh6+ Kf8 25. Nxf7 Bxf7 26. fxe5 Kg8 27. Bxe4 Be6
28. g4 Ne7 29. Nf4 Bd5 30. Bd3 Nc7 31. Nh5 Ne8 32. e6 Ng6 33. Bxg6 hxg6 34. e7
1-0

[Event "Mauricie op"]
[Site "Trois-Rivieres CAN"]
[Date "2019.03.15"]
[Round "1.5"]
[White "Duong, Thanh Nha"]
[Black "Libersan, Thierry"]
[Result "1-0"]
[WhiteElo "2325"]
[BlackElo "2110"]
[PlyCount "61"]
[EventDate "2019.03.15"]
[EventType "swiss"]
[EventRounds "5"]
[EventCountry "CAN"]

1. c4 e6 2. Nf3 d5 3. g3 Nf6 4. Bg2 Be7 5. O-O O-O 6. b3 c5 7. Bb2 Nc6 8. a3 d4
9. e3 e5 10. exd4 exd4 11. d3 Bf5 12. h3 h6 13. Ne1 Qd7 14. g4 Bh7 15. f4 Bd6
16. Bc1 Qc7 17. Ra2 Rae8 18. Raf2 Re7 19. Nc2 Rfe8 20. Rf3 h5 21. g5 Nd7 22. f5
h4 23. Bf4 Nde5 24. R3f2 Qb6 25. Ne1 Na5 26. Nd2 Qc7 27. Be4 Nxd3 28. Nxd3 Rxe4
29. Nxe4 Rxe4 30. Qf3 Re8 31. g6 1-0

[Event "Mauricie op"]
[Site "Trois-Rivieres CAN"]
[Date "2019.03.15"]
[Round "1.6"]
[White "Turcotte, Jonathan"]
[Black "Tomb, Maroun"]
[Result "1/2-1/2"]
[WhiteElo "2092"]
[BlackElo "2300"]
[PlyCount "83"]
[EventDate "2019.03.15"]
[EventType "swiss"]
[EventRounds "5"]
[EventCountry "CAN"]

1. d4 d6 2. Nf3 Nf6 3. c4 Nbd7 4. Nc3 e5 5. e4 Be7 6. Be2 c6 7. O-O a5 8. h3 a4
9. Qc2 O-O 10. d5 cxd5 11. cxd5 Nc5 12. Be3 Qa5 13. Rab1 Bd7 14. Nd2 Rfc8 15.
Rfc1 b5 16. b4 axb3 17. Nxb3 Nxb3 18. Qxb3 Rab8 19. Qb4 Qxb4 20. Rxb4 Bd8 21.
Nxb5 Rxc1+ 22. Bxc1 Ba5 23. Rb2 Nxe4 24. f3 Bb6+ 25. Kh2 Nf6 26. Nxd6 Nxd5 27.
Bc4 Be6 28. g4 Kf8 29. Rb5 Nc7 30. Rb3 Ba7 31. Ba3 Rxb3 32. axb3 Kg8 33. Kg3
Bxc4 34. bxc4 Ne6 35. Ne4 f6 36. h4 Nd4 37. Bc5 Bxc5 38. Nxc5 Kf7 39. Kf2 Ke7
40. Ke3 g6 41. f4 Nc6 42. Nd3 1/2-1/2

[Event "Mauricie op"]
[Site "Trois-Rivieres CAN"]
[Date "2019.03.15"]
[Round "1.7"]
[White "Pace, Christopher"]
[Black "Richard, Leo"]
[Result "0-1"]
[WhiteElo "2284"]
[BlackElo "2074"]
[PlyCount "88"]
[EventDate "2019.03.15"]
[EventType "swiss"]
[EventRounds "5"]
[EventCountry "CAN"]

1. d4 d5 2. c4 c6 3. Nc3 Nf6 4. Nf3 e6 5. e3 Nbd7 6. cxd5 exd5 7. Bd3 Bd6 8.
O-O O-O 9. e4 dxe4 10. Nxe4 Nxe4 11. Bxe4 Nf6 12. Bc2 Qa5 13. Bg5 Ng4 14. Qd2
Qxd2 15. Bxd2 h6 16. h3 Nf6 17. Ne5 Rd8 18. Ba5 Re8 19. Rfe1 Be6 20. Bd3 Bd5
21. b3 c5 22. Bc3 cxd4 23. Bxd4 Re7 24. Nc4 Bb4 25. Rxe7 Bxe7 26. Re1 Kf8 27.
Ne3 Rd8 28. Bxa7 Bxb3 29. Bb1 Be6 30. Bb6 Ra8 31. Re2 Rc8 32. Bf5 Rc6 33. Bd4
Nd5 34. Nxd5 Bxd5 35. f3 Rc1+ 36. Kf2 Bc4 37. Rb2 Rf1+ 38. Kg3 Bd6+ 39. Kh4 g6
40. Bc8 Rd1 41. Bf6 b5 42. Ba6 Bd3 43. g4 Kg8 44. Bb7 g5+ 0-1

[Event "Mauricie op"]
[Site "Trois-Rivieres CAN"]
[Date "2019.03.15"]
[Round "1.8"]
[White "Yao, Houji"]
[Black "Hirschberg, Valerian"]
[Result "0-1"]
[WhiteElo "2064"]
[BlackElo "2282"]
[PlyCount "78"]
[EventDate "2019.03.15"]
[EventType "swiss"]
[EventRounds "5"]
[EventCountry "CAN"]

1. e4 c5 2. Nf3 Nc6 3. d4 cxd4 4. Nxd4 Nf6 5. Nc3 e5 6. Ndb5 d6 7. Bg5 a6 8.
Na3 b5 9. Bxf6 gxf6 10. Nd5 f5 11. Bd3 Be6 12. O-O Bxd5 13. exd5 Ne7 14. c4 Bg7
15. Rb1 e4 16. Be2 bxc4 17. Nxc4 O-O 18. Qd2 Ng6 19. b4 f4 20. f3 e3 21. Qc2 f5
22. Bd3 Nh4 23. Kh1 Rf6 24. Rfc1 Rg6 25. Bxf5 Rxg2 26. Qe4 Qg5 27. Qe6+ Kh8 28.
Bg4 Bf8 29. Rg1 Rxg1+ 30. Rxg1 Qg6 31. Qd7 e2 32. Qe6 Re8 33. Qxg6 hxg6 34. Re1
Nf5 35. Nd2 Nd4 36. Ne4 Be7 37. Nf2 Bh4 38. Nd3 Bxe1 39. Nxe1 Re3 0-1

[Event "Mauricie op"]
[Site "Trois-Rivieres CAN"]
[Date "2019.03.15"]
[Round "1.9"]
[White "Ouellet, Maili-Jade"]
[Black "Pepin, Christian"]
[Result "0-1"]
[WhiteElo "2267"]
[BlackElo "2015"]
[PlyCount "140"]
[EventDate "2019.03.15"]
[EventType "swiss"]
[EventRounds "5"]
[EventCountry "CAN"]

1. d4 d5 2. c4 e6 3. Nc3 c6 4. Nf3 f5 5. Bf4 Nf6 6. e3 Be7 7. Bd3 O-O 8. Qc2
Bd7 9. h3 Be8 10. g4 Ne4 11. gxf5 exf5 12. cxd5 Nxc3 13. bxc3 Qxd5 14. Qb3 Bf7
15. Qxd5 Bxd5 16. Ke2 Nd7 17. Rhg1 Bxf3+ 18. Kxf3 Nf6 19. Be5 g6 20. Ke2 Kf7
21. a4 Ke6 22. Rgb1 b6 23. a5 b5 24. a6 Nd5 25. Kd2 Nb6 26. Rc1 Bd6 27. Bxd6
Kxd6 28. c4 bxc4 29. Bxc4 Nxc4+ 30. Rxc4 Rab8 31. Kc3 Rb6 32. Rb4 Rxb4 33. Kxb4
Rb8+ 34. Kc3 Rb5 35. Ra4 Kc7 36. f3 Kb6 37. Kc4 Rb1 38. e4 fxe4 39. fxe4 Rc1+
40. Kd3 c5 41. d5 Rh1 42. e5 Rxh3+ 43. Ke2 Rh2+ 44. Kf3 Rd2 45. d6 Kc6 46. Re4
Kd7 47. e6+ Ke8 48. d7+ Ke7 49. Kf4 Rd6 50. Re5 c4 51. Kg5 c3 52. Kh6 c2 53.
Rc5 Kxe6 54. Kxh7 Kxd7 55. Rxc2 Rxa6 56. Kh6 Rc6 57. Ra2 a6 58. Kg5 Kc7 59. Kf4
Kb7 60. Ke5 g5 61. Kd5 g4 62. Rg2 Rg6 63. Rg3 a5 64. Kc5 Rg5+ 65. Kc4 Ka6 66.
Kb3 Kb5 67. Ka3 Kc4 68. Kb2 Kd4 69. Kc2 Ke4 70. Kd2 Kf4 0-1

[Event "Mauricie op"]
[Site "Trois-Rivieres CAN"]
[Date "2019.03.15"]
[Round "1.10"]
[White "Han, Johnathan"]
[Black "Lopez Linares, Lizandro"]
[Result "0-1"]
[WhiteElo "1988"]
[BlackElo "2250"]
[PlyCount "104"]
[EventDate "2019.03.15"]
[EventType "swiss"]
[EventRounds "5"]
[EventCountry "CAN"]

1. e4 d5 2. exd5 Qxd5 3. Nc3 Qa5 4. Nf3 Nf6 5. d4 c6 6. Be2 Bf5 7. O-O Nbd7 8.
Be3 e6 9. Qd2 Bb4 10. Bd3 Nd5 11. Bxf5 exf5 12. Qe1 O-O 13. Bd2 Rfe8 14. Qc1
Nxc3 15. bxc3 Bxc3 16. Rb1 b6 17. Bxc3 Qxc3 18. Rb3 Qc4 19. Nd2 Qe2 20. c4 Nf6
21. Nf3 Qe6 22. Re3 Ne4 23. Rfe1 Rad8 24. Qc2 Qd6 25. Qe2 g6 26. Qc2 c5 27. d5
b5 28. cxb5 Qxd5 29. a4 c4 30. h3 Re6 31. Kh2 Qd6+ 32. Kg1 Qc5 33. Kh2 c3 34.
R3e2 Qd6+ 35. Kg1 Qd3 36. Kh2 Red6 37. Kg1 Qxc2 38. Rxc2 f6 39. Kh2 Rd1 40. Rc1
R1d3 41. Rc2 Kf7 42. Kg1 Ke6 43. Nh2 Kd5 44. f3 Ng3 45. Nf1 f4 46. Nxg3 fxg3
47. Kf1 Kc4 48. Rec1 Rd1+ 49. Rxd1 Rxd1+ 50. Ke2 Rg1 51. Ke3 Kb3 52. Re2 c2 0-1

[Event "Mauricie op"]
[Site "Trois-Rivieres CAN"]
[Date "2019.03.15"]
[Round "1.11"]
[White "Beaulieu, Eric"]
[Black "Bernatchez, Dan"]
[Result "1-0"]
[WhiteElo "2235"]
[BlackElo "1985"]
[PlyCount "103"]
[EventDate "2019.03.15"]
[EventType "swiss"]
[EventRounds "5"]
[EventCountry "CAN"]

1. Nf3 Nf6 2. c4 c5 3. g3 d5 4. cxd5 Nxd5 5. Bg2 Nc6 6. Nc3 Nc7 7. O-O e5 8. d3
Be7 9. Be3 Bd7 10. Rc1 O-O 11. a3 Rb8 12. Ne4 b6 13. Bd2 a5 14. b4 cxb4 15.
axb4 Nd5 16. bxa5 bxa5 17. Nc5 Be8 18. Rc4 Nb6 19. Rc2 Nd7 20. Ne4 Nb4 21. Rb2
f6 22. d4 Bg6 23. Nh4 exd4 24. Nxg6 hxg6 25. Bxb4 Rxb4 26. Rxb4 Bxb4 27. Qxd4
Ne5 28. Qa1 Qb6 29. Ng5 Rd8 30. Qa2+ Kh8 31. Nf7+ Nxf7 32. Qxf7 f5 33. Bf3 Qf6
34. Qc4 Rd4 35. Qc8+ Qd8 36. Qe6 Rd6 37. Qb3 Qd7 38. Rc1 Rd4 39. Bc6 Qd6 40.
Kg2 Bc5 41. Qb5 Ba3 42. Rc2 Bb4 43. Bb7 Qd7 44. Qa6 Rd6 45. Qa8+ Kh7 46. h4 g5
47. h5 g6 48. Rc8 Qg7 49. h6 Qd4 50. e3 Qb2 51. Rc7+ Kxh6 52. Qf8+ 1-0

[Event "Mauricie op"]
[Site "Trois-Rivieres CAN"]
[Date "2019.03.16"]
[Round "1.11"]
[White "Huang, Qiuyu"]
[Black "Keep, Richard"]
[Result "1-0"]
[WhiteElo "2220"]
[BlackElo "1719"]
[PlyCount "57"]
[EventDate "2019.03.15"]
[EventType "swiss"]
[EventRounds "5"]
[EventCountry "CAN"]

1. e4 c6 2. d4 d5 3. exd5 cxd5 4. Bd3 Nf6 5. c3 Nc6 6. Bf4 Bg4 7. Qb3 Qb6 8.
Qxb6 axb6 9. Nd2 e6 10. Ngf3 Be7 11. Ne5 O-O 12. Bg5 Bh5 13. Bxf6 Bxf6 14. Nd7
Rfe8 15. Nxb6 Rad8 16. f4 g5 17. fxg5 Bxg5 18. Nf3 Bxf3 19. gxf3 Bh4+ 20. Kd2
Bg5+ 21. Kc2 Bf4 22. Rhg1+ Kh8 23. Rg4 e5 24. dxe5 Bxe5 25. Rh4 f5 26. Bxf5 Bf6
27. Rxh7+ Kg8 28. Rg1+ Kf8 29. Nd7+ 1-0

[Event "Mauricie op"]
[Site "Trois-Rivieres CAN"]
[Date "2019.03.15"]
[Round "1.12"]
[White "Bombail, Leonard"]
[Black "Huang, Qiuyu"]
[Result "0-1"]
[WhiteElo "1971"]
[BlackElo "2220"]
[PlyCount "68"]
[EventDate "2019.03.15"]
[EventType "swiss"]
[EventRounds "5"]
[EventCountry "CAN"]

1. e4 c5 2. Nc3 Nc6 3. g3 g6 4. Bg2 Bg7 5. d3 d6 6. Nf3 e5 7. O-O Nge7 8. Be3
O-O 9. Qd2 f5 10. Bh6 Rb8 11. Bxg7 Kxg7 12. Ne2 d5 13. exd5 Nxd5 14. Rae1 Nf6
15. Nc3 Re8 16. Nh4 Nd4 17. f4 exf4 18. Rxe8 Qxe8 19. Re1 Qd8 20. Qxf4 Nxc2 21.
Re2 Qd4+ 22. Qxd4 Nxd4 23. Re7+ Kf8 24. Re5 b6 25. Nf3 Nxf3+ 26. Bxf3 Bb7 27.
Kf2 Bxf3 28. Kxf3 Rd8 29. Re6 Kf7 30. Rc6 Rxd3+ 31. Kf4 Rd4+ 32. Kg5 Rg4+ 33.
Kh6 Ng8+ 34. Kxh7 Rg5 0-1

[Event "Mauricie op"]
[Site "Trois-Rivieres CAN"]
[Date "2019.03.15"]
[Round "1.13"]
[White "Bolduc, Steve"]
[Black "Couture, Jonathan"]
[Result "1-0"]
[WhiteElo "2210"]
[BlackElo "1947"]
[PlyCount "57"]
[EventDate "2019.03.15"]
[EventType "swiss"]
[EventRounds "5"]
[EventCountry "CAN"]

1. Nf3 g6 2. e4 Bg7 3. d4 d6 4. Nc3 a6 5. Be3 b5 6. Qd2 Nd7 7. Rd1 Bb7 8. d5 c5
9. dxc6 Bxc6 10. Nd4 Bb7 11. a4 Ngf6 12. f3 b4 13. Na2 a5 14. Bb5 Qc7 15. O-O
O-O 16. Rc1 e5 17. Nb3 d5 18. c3 bxc3 19. Rxc3 Qd6 20. exd5 Bxd5 21. Rd3 Qe6
22. Bxd7 Qxd7 23. Nc3 Rfd8 24. Nc5 Qc6 25. Rd1 Bf8 26. Nxd5 Nxd5 27. Rxd5 Rxd5
28. Qxd5 Qb6 29. Qxa8 1-0

[Event "Mauricie op"]
[Site "Trois-Rivieres CAN"]
[Date "2019.03.15"]
[Round "1.15"]
[White "Saha, Ananda"]
[Black "Trottier, Yves"]
[Result "1-0"]
[WhiteElo "2180"]
[BlackElo "1902"]
[PlyCount "117"]
[EventDate "2019.03.15"]
[EventType "swiss"]
[EventRounds "5"]
[EventCountry "CAN"]

1. Nf3 d5 2. c4 e6 3. g3 Nf6 4. Bg2 Be7 5. O-O O-O 6. b3 b6 7. Bb2 Bb7 8. d3 c5
9. Nbd2 Nbd7 10. Qc2 Re8 11. e4 dxc4 12. dxc4 Nf8 13. Rad1 Qc7 14. e5 N6d7 15.
Ne4 Bxe4 16. Qxe4 Rac8 17. Rd2 Red8 18. Rfd1 Nb8 19. Ne1 Rxd2 20. Rxd2 Rd8 21.
Rd3 Rxd3 22. Nxd3 Na6 23. h4 Nd7 24. a3 Qc8 25. h5 Qc7 26. f4 Nf8 27. g4 Qd7
28. Kh2 Nc7 29. Bc1 Na6 30. f5 Qd4 31. Qxd4 cxd4 32. b4 Nc7 33. Bb2 Bg5 34.
Bxd4 Bd2 35. Bc6 h6 36. a4 Na6 37. b5 Nb4 38. Nxb4 Bxb4 39. Kg3 exf5 40. gxf5
Nh7 41. Kf2 Kf8 42. Ke2 Ke7 43. Kd3 Nf8 44. Kc2 Nd7 45. Bxd7 Kxd7 46. e6+ fxe6
47. fxe6+ Kxe6 48. Bxg7 Kf5 49. Bxh6 Kg4 50. Bg7 Kxh5 51. Be5 Kg6 52. Bb8 Kf7
53. Bxa7 Ba5 54. Bb8 Ke8 55. Be5 Kd7 56. Bc3 Bxc3 57. Kxc3 Kc7 58. Kb4 Kd6 59.
a5 1-0

[Event "Mauricie op"]
[Site "Trois-Rivieres CAN"]
[Date "2019.03.15"]
[Round "1.16"]
[White "Xu, Daniel"]
[Black "Javidfard, Amirsalar"]
[Result "0-1"]
[WhiteElo "2117"]
[BlackElo "2161"]
[PlyCount "40"]
[EventDate "2019.03.15"]
[EventType "swiss"]
[EventRounds "5"]
[EventCountry "CAN"]

1. d4 d5 2. c4 e6 3. Nc3 Bb4 4. Nf3 Nf6 5. Bg5 Nbd7 6. e3 c5 7. Be2 h6 8. Bh4
g5 9. Bg3 Ne4 10. Qb3 Qa5 11. Rc1 cxd4 12. exd4 h5 13. h3 Bxc3+ 14. bxc3 Nxg3
15. fxg3 Qc7 16. O-O g4 17. Ng5 Qxg3 18. Kh1 Rg8 19. cxd5 gxh3 20. Rg1 Rxg5 0-1

[Event "Mauricie op"]
[Site "Trois-Rivieres CAN"]
[Date "2019.03.16"]
[Round "2.3"]
[White "Dukic, Zachary"]
[Black "Saha, Ananda"]
[Result "0-1"]
[WhiteElo "2389"]
[BlackElo "2190"]
[PlyCount "70"]
[EventDate "2019.03.15"]
[EventType "swiss"]
[EventRounds "5"]
[EventCountry "CAN"]

1. e4 c5 2. Nf3 d6 3. d4 cxd4 4. Nxd4 Nf6 5. Nc3 g6 6. Be3 a6 7. f3 b5 8. a4 b4
9. Na2 e5 10. Nb3 d5 11. Bg5 Nbd7 12. exd5 Bb7 13. Qd2 Qb6 14. a5 Qd6 15. c4
bxc3 16. Nxc3 Nxd5 17. Rd1 Qb4 18. Kf2 N5f6 19. Nb5 axb5 20. Qxb4 Bxb4 21. Bxb5
O-O 22. Bxd7 Nxd7 23. Rxd7 Bc6 24. Rc7 Bd5 25. Nc5 Bxa5 26. Rd7 Bc6 27. Rd6
Rfc8 28. Ra1 Be8 29. Rd5 Bc7 30. Rxa8 Rxa8 31. Nd7 Bxd7 32. Rxd7 Bb6+ 33. Ke2
Kg7 34. Rb7 Bd4 35. Kd3 Ra2 0-1

[Event "Mauricie op"]
[Site "Trois-Rivieres CAN"]
[Date "2019.03.16"]
[Round "2.4"]
[White "Soudre, Nicolas"]
[Black "Rodrigue-Lemieux, Shawn"]
[Result "0-1"]
[WhiteElo "2188"]
[BlackElo "2374"]
[PlyCount "62"]
[EventDate "2019.03.15"]
[EventType "swiss"]
[EventRounds "5"]
[EventCountry "CAN"]

1. e4 c6 2. Nc3 d5 3. Nf3 dxe4 4. Nxe4 Nf6 5. Qe2 Qd5 6. Nxf6+ gxf6 7. d4 Bg4
8. Be3 Rg8 9. h3 Qh5 10. Rh2 Bxf3 11. Qxf3 Qxf3 12. gxf3 e6 13. O-O-O Nd7 14.
Bd3 Bd6 15. Rhh1 f5 16. c4 Nf6 17. h4 Nh5 18. d5 Bf4 19. Kb1 Bxe3 20. fxe3
O-O-O 21. dxe6 fxe6 22. c5 Rd5 23. Bc4 Re5 24. Rd6 Re8 25. e4 fxe4 26. fxe4 Ng3
27. Re1 Nxe4 28. Bd3 Nd2+ 29. Kc2 Rxe1 30. Kxd2 Rh1 31. Rd4 Rd8 0-1

[Event "Mauricie op"]
[Site "Trois-Rivieres CAN"]
[Date "2019.03.16"]
[Round "2.5"]
[White "Javidfard, Amirsalar"]
[Black "Duong, Thanh Nha"]
[Result "1-0"]
[WhiteElo "2161"]
[BlackElo "2325"]
[PlyCount "109"]
[EventDate "2019.03.15"]
[EventType "swiss"]
[EventRounds "5"]
[EventCountry "CAN"]

1. d4 d6 2. c4 e5 3. Nf3 e4 4. Nfd2 f5 5. g3 h5 6. h4 Nf6 7. Nb3 Be7 8. Bf4 O-O
9. Nc3 a5 10. d5 Nbd7 11. e3 Ng4 12. Qc2 Bf6 13. Nb5 a4 14. N3d4 Nc5 15. Be2 g6
16. O-O Ne5 17. b4 Ncd3 18. Rab1 Re8 19. c5 Re7 20. cxd6 cxd6 21. Bxd3 exd3 22.
Qd1 Qb6 23. Rc1 Bd7 24. Nc7 Rc8 25. Nce6 Rxc1 26. Qxc1 Qxb4 27. Qc7 Be8 28. Qb8
d2 29. Bxe5 dxe5 30. Nc6 Qc4 31. Nxe7+ Kf7 32. Nc7 Qxf1+ 33. Kxf1 d1=Q+ 34. Kg2
Bd7 35. Qd8 Bxe7 36. Qxd7 e4 37. Qe8+ Kf6 38. Qh8+ Kf7 39. Qh7+ Kf8 40. Ne6+
Ke8 41. Qxg6+ Kd7 42. Qxf5 Qg4 43. Nc5+ Kc7 44. Qxg4 hxg4 45. Nxe4 b5 46. Kf1
b4 47. Ke2 Bf6 48. d6+ Kc6 49. Nxf6 b3 50. axb3 a3 51. d7 a2 52. d8=Q a1=Q 53.
Qd7+ Kc5 54. Qc7+ Kb5 55. Qb7+ 1-0

[Event "Mauricie op"]
[Site "Trois-Rivieres CAN"]
[Date "2019.03.16"]
[Round "2.6"]
[White "Tomb, Maroun"]
[Black "Zheng, Richard"]
[Result "0-1"]
[WhiteElo "2300"]
[BlackElo "2133"]
[PlyCount "84"]
[EventDate "2019.03.15"]
[EventType "swiss"]
[EventRounds "5"]
[EventCountry "CAN"]

1. e4 c6 2. Nc3 d5 3. Nf3 Bg4 4. h3 Bxf3 5. Qxf3 e6 6. a3 a6 7. d3 g6 8. g3 Bg7
9. Bg2 Ne7 10. O-O O-O 11. Qe2 Nd7 12. f4 Re8 13. g4 f5 14. Kh1 Kh8 15. Bd2 Ng8
16. Rf3 Nh6 17. g5 Nf7 18. e5 Bf8 19. h4 Bc5 20. h5 Kg7 21. Rh3 Rh8 22. Na4 Ba7
23. c4 Nc5 24. Nxc5 Bxc5 25. cxd5 cxd5 26. Rc1 Rc8 27. h6+ Kg8 28. Rf3 Bd4 29.
Rxc8 Qxc8 30. Bb4 Nd8 31. Rf1 Nc6 32. Rc1 Kf7 33. Bd6 Qd7 34. b4 Rc8 35. Qa2
Nxb4 36. Rxc8 Qxc8 37. Qd2 Nc2 38. Qc1 Qc3 39. Kh2 Be3 40. Qf1 Qd2 41. Kg3 Nd4
42. Bb4 Bxf4+ 0-1

[Event "Mauricie op"]
[Site "Trois-Rivieres CAN"]
[Date "2019.03.16"]
[Round "2.8"]
[White "Hirschberg, Valerian"]
[Black "Richard, Leo"]
[Result "1-0"]
[WhiteElo "2282"]
[BlackElo "2074"]
[PlyCount "33"]
[EventDate "2019.03.15"]
[EventType "swiss"]
[EventRounds "5"]
[EventCountry "CAN"]

1. Nf3 Nf6 2. c4 e6 3. g3 d5 4. Bg2 Be7 5. O-O Nbd7 6. d4 O-O 7. Qc2 b6 8. cxd5
exd5 9. Qc6 Ba6 10. Bf4 Rc8 11. Nc3 Nb8 12. Qa4 Qe8 13. Qxe8 Rfxe8 14. Bh3 Nbd7
15. Ne5 Red8 16. Nxd7 Nxd7 17. Nxd5 1-0

[Event "Mauricie op"]
[Site "Trois-Rivieres CAN"]
[Date "2019.03.16"]
[Round "2.10"]
[White "Lopez Linares, Lizandro"]
[Black "Pepin, Christian"]
[Result "1/2-1/2"]
[WhiteElo "2250"]
[BlackElo "2015"]
[PlyCount "86"]
[EventDate "2019.03.15"]
[EventType "swiss"]
[EventRounds "5"]
[EventCountry "CAN"]

1. d4 d5 2. Nf3 f5 3. Bf4 Nf6 4. c4 c6 5. Nc3 e6 6. e3 Be7 7. Rc1 O-O 8. Bd3
Bd7 9. O-O Ne4 10. h3 Be8 11. Ne5 Nd7 12. f3 Nxc3 13. bxc3 Bg5 14. Bxg5 Qxg5
15. f4 Qg3 16. Rf3 Qh4 17. Nxd7 Bxd7 18. Qb3 Rab8 19. Qa3 a6 20. Qd6 Rbd8 21.
Kh2 Bc8 22. Qc7 Rf7 23. Qb6 Qe7 24. cxd5 exd5 25. Rg3 g6 26. Rb1 Qc7 27. Qb4
Re7 28. Kg1 Kf7 29. Kf2 Qd6 30. a4 Rc7 31. Qc5 b5 32. a5 Qxc5 33. dxc5 Kf6 34.
Rf3 Re7 35. Rb4 Rde8 36. Ke2 Bd7 37. Kd2 Bc8 38. Rb1 Bd7 39. Rg1 Re4 40. Ra1
R4e7 41. Rb1 Bc8 42. Bc2 Bd7 43. Rg1 h5 1/2-1/2

[Event "Mauricie op"]
[Site "Trois-Rivieres CAN"]
[Date "2019.03.16"]
[Round "2.15"]
[White "Durette, Francis"]
[Black "Bombail, Leonard"]
[Result "0-1"]
[WhiteElo "2154"]
[BlackElo "1971"]
[PlyCount "88"]
[EventDate "2019.03.15"]
[EventType "swiss"]
[EventRounds "5"]
[EventCountry "CAN"]

1. Nf3 Nf6 2. c4 g6 3. d4 Bg7 4. g3 O-O 5. Bg2 d6 6. b3 Nbd7 7. Bb2 e5 8. e3
Re8 9. O-O e4 10. Nfd2 c6 11. Nc3 d5 12. Rc1 a6 13. f3 Bh6 14. f4 Nf8 15. h3 g5
16. f5 g4 17. Qe2 Qd6 18. Kh2 gxh3 19. Bxh3 Kh8 20. c5 Qc7 21. Rg1 Bg5 22. Kh1
h5 23. Qf2 Ng4 24. Bxg4 hxg4 25. Na4 Nh7 26. Nb6 Rb8 27. Kg2 Kg7 28. Rh1 Nf6
29. Rh2 Bd7 30. Bc3 Rh8 31. Rch1 Rxh2+ 32. Rxh2 Rg8 33. b4 Qb8 34. Nb3 Rh8 35.
Rxh8 Qxh8 36. Na5 Qh3+ 37. Kg1 Nh5 38. Be1 Nxg3 39. Qg2 Bxe3+ 40. Bf2 Bxf2+ 41.
Kxf2 e3+ 42. Kg1 e2 43. f6+ Kg6 44. Qxh3 e1=Q+ 0-1

[Event "Mauricie op U2000"]
[Site "Trois-Rivieres CAN"]
[Date "2019.03.15"]
[Round "1"]
[White "Craciun, David"]
[Black "Mangahas, Ronald"]
[Result "1-0"]
[WhiteElo "1957"]
[BlackElo "1856"]
[PlyCount "99"]
[EventDate "2019.03.15"]
[EventType "swiss"]
[EventRounds "5"]
[EventCountry "CAN"]

1. c4 d6 2. Nf3 Nf6 3. e3 g6 4. b3 Bg7 5. Bb2 O-O 6. Be2 e5 7. O-O Nc6 8. d4
exd4 9. exd4 Bf5 10. Nc3 Re8 11. d5 Nb4 12. Nd4 Ne4 13. a3 Bxd4 14. Qxd4 Nc2
15. Qd1 Nxa1 16. Bxa1 Qe7 17. Nb5 a6 18. Nd4 Bd7 19. Bd3 Qg5 20. Qc2 Nc5 21.
Qc3 Qe5 22. Bc2 b5 23. Qf3 Qe7 24. Bc3 Ne4 25. Re1 Nd2 26. Qe3 Qxe3 27. Rxe3
Rxe3 28. fxe3 Ne4 29. Bxe4 Re8 30. Bc2 Rxe3 31. Bd2 Re8 32. Ba5 bxc4 33. bxc4
Re3 34. Bxc7 Rc3 35. Bb3 Rd3 36. Bb6 a5 37. a4 Rd2 38. Kf1 h5 39. Ba7 Kg7 40.
Nc6 Bf5 41. Bb8 Rb2 42. Nxa5 Bd3+ 43. Kg1 Bxc4 44. Nxc4 Rxb3 45. Bxd6 f6 46. a5
Rc3 47. Nb6 Kf7 48. Kf2 Ke8 49. Ke2 Rb3 50. Bc7 1-0

[Event "Mauricie op U2000"]
[Site "Trois-Rivieres CAN"]
[Date "2019.03.15"]
[Round "1"]
[White "Deschamps, Martin"]
[Black "Mok, Yuen Tak"]
[Result "0-1"]
[WhiteElo "1809"]
[BlackElo "1894"]
[PlyCount "68"]
[EventDate "2019.03.15"]
[EventType "swiss"]
[EventRounds "5"]
[EventCountry "CAN"]

1. c4 e6 2. Nc3 d5 3. e3 Nf6 4. d4 Be7 5. Nf3 O-O 6. Bd3 b6 7. Bd2 Bb7 8. Qc2
Nbd7 9. Rc1 dxc4 10. Bxc4 Re8 11. Ng5 Nf8 12. Nge4 Nd5 13. O-O Rc8 14. f4 Qd7
15. a3 Red8 16. Nb5 a6 17. Nbc3 f5 18. Ng5 c5 19. dxc5 Bxc5 20. Bxd5 Bxd5 21.
Rcd1 Qb7 22. b4 Be7 23. Nf3 Bf6 24. Ne5 Bxg2 25. Rf2 Be4 26. Qb2 Nd7 27. Nxe4
Qxe4 28. Qb3 Nxe5 29. fxe5 Qxe5 30. Rg2 Qd5 31. Qb1 Qd3 32. Qb2 Rd5 33. Rf1 Rc2
34. Qb1 Rxd2 0-1

[Event "Mauricie op U2000"]
[Site "Trois-Rivieres CAN"]
[Date "2019.03.16"]
[Round "2"]
[White "Mercure, Gilbert"]
[Black "Goldner, John"]
[Result "0-1"]
[WhiteElo "1846"]
[BlackElo "1662"]
[PlyCount "30"]
[EventDate "2019.03.15"]
[EventType "swiss"]
[EventRounds "5"]
[EventCountry "CAN"]

1. e4 e5 2. Nf3 Nc6 3. Bc4 Nf6 4. Ng5 Bc5 5. Nxf7 Bxf2+ 6. Kxf2 Nxe4+ 7. Kg1
Qh4 8. g3 Nxg3 9. Nxh8 Nd4 10. Nc3 d5 11. Bxd5 Bg4 12. Qxg4 Qxg4 13. hxg3 Qxg3+
14. Bg2 Nf3+ 15. Kf1 Qe1# 0-1